000 01014nas a2200253Ia 4500
001 R002/39307
003 IT-RoPAU
008 151124c99999999xx |||||||||||| ||und||
040 _aIT-RoPAU
040 _cIT-RoPAU
041 _aITALIANO
100 _aVerdone Mario
_gCodice Aut. SPICS: 86
210 _aBIANCO E NERO
222 _aBianco E Nero
245 _aANTOLOGIA DI BIANCO E NERO 1937-1943 VOL.1: SCRITTI TEORICI
_bStudi Cinematografici In Italia (Gli)
250 _a1a ed.
260 _aROMA
_bBIANCO E NERO
_c1964
501 _bPaulus - SPICS - Società San Paolo EM (non-commercial uses only)
_cCopyright2015
300 _a p., prefazione [27]
362 _aVOL.01 (1937-1943)
500 _aLetteratura-Cinematografica Critica-Cinematografica Quaderni-Di-Bianco-E-Nero Critica-Saggistica-E-Giornalistica Problema-Cinematografico-Inquadrato-Nella-Filosofia-Generale-Dell'Arte Scuola-E-Metodo Appunti-Cronologici-Della-Antologia
650 _aCINEMA
_vPUBBLICAZIONE PERIODICA
942 _cCR
999 _c204396
_d204396